000 00993nas a2200289 i 4500
001 508
003 ES-MaACL
005 20250809180948.0
008 950801d18331983sp r n l0 1 |spa d
022 _a1889-4429
080 _a34(460.27)
080 _a35(460.27)
245 0 0 _aBoletín oficial de la provincia de Madrid.
260 _aMadrid :
_b[s.n.],
_c1833-1983.
300 _a23 v. ;
_c43 cm.
310 _aDiario,
_b1844-1983
321 _a3 n. a la semana,
_b1833-1844
362 0 _aN. 1 (2 jul. 1833) - n. 141 (16 jun. 1983)
530 _aDisponible en formato digital.
651 4 _aMadrid (Comunidad Autónoma)-
_xAdministración
_98993
785 0 0 _tBoletín Oficial de la Comunidad de Madrid
852 4 _aES-MaACL
_jHEM-GF-56
_9522
856 _uhttps://bibliotecavirtualmadrid.comunidad.madrid/bvmadrid_publicacion/es/consulta/registro.do?id=554
_zBiblioteca Digital de Madrid (1833-1983)
866 0 _o1908-24.
942 _2udc
999 _c508
_d508